| 000 | 01960nab a2200277 a 4500 | ||
|---|---|---|---|
| 005 | 20240530063809.0 | ||
| 008 | 991125c2019 sp zr p o 000 0 spa d | ||
| 035 | _aUPN01000230849 | ||
| 040 |
_aMX-MxUPN _bspa _cMX-MxUPN _eaacr2 |
||
| 049 | _aART-E | ||
| 100 | 1 |
_aGrijalva Verdugo, Abel Antonio _6- abel.grijalva@udo.mx |
|
| 100 | 1 | _aLara Rivera, José Alejandro | |
| 245 | 1 | 0 |
_aCompetencias mediáticas en jóvenes universitarios. Análisis de saberes para producir contenido digital en una IES mexicana _h[recurso electrónico en línea] |
| 506 | 0 | _aAcceso abierto | |
| 520 | 3 | _aEsta investigación explora los niveles de competencia mediática (CM) de jóvenes universitarios para la creación y manipulación de contenido digital; saberes necesarios en una era altamente tecnologizada. El estudio se realiza en una universidad mexicana (UAdeO) a una muestra probabilística aleatoria simple compuesta por 346 estudiantes divididos por áreas de conocimiento. Se ejecutaron pruebas no paramétricas (Chi-Cuadrada) para identificar posibles diferencias estadísticas a razón de la variable de cruce. Los hallazgos dan cuenta de niveles de CM diferenciados intergrupos, además, si bien los jóvenes muestran saberes elevados en la producción de contenido digital, aún existen deficiencias en el manejo de bases de datos y programas informáticos especializados, por lo que sería relevante implementar estrategias pedagógicas que incrementen dichos conocimientos. | |
| 650 | 4 |
_aEducación superior _932 |
|
| 650 | 0 |
_99298 _aEstudiantes universitarios |
|
| 653 | 0 | _aAlfabetización mediática | |
| 653 | 0 | _aEducación mediática | |
| 653 | 0 | _aInstrucción multimedia | |
| 773 |
_gNo. 67 (2019), p. 16-30 _tEdutec : revista electrónica de tecnología educativa _x1135-9250 |
||
| 856 | 4 | 0 | _uhttp://www.edutec.es/revista/index.php/edutec-e/article/view/1297/659 |
| 902 |
_aRGJD/020223 _bRGJD/020223 |
||
| 905 | _aArticulo | ||
| 942 | _cART-E | ||
| 999 |
_c202944 _d202944 |
||